00209nam a2200085Ia 450000100070000000500170000700800410002424500370006526000210010295924520250826215920.0250824s9999 xx 000 0 und d 0aSUSACAK VARcKAHRAMAN TAZEOĞLU bDESTEK YAYINLARI